[Event "Abierto Mexicano de Ajedrez 2008"]
[Site "Aguascalientes"]
[Date "2008.03.18"]
[Round "4"]
[White "Quezada Perez, Yuniesky"]
[Black "Bruzon Batista, Lazaro"]
[Result "1/2-1/2"]
[WhiteElo "2546"]
[BlackElo "2607"]
[PlyCount "55"]
[EventDate "2008.03.18"]
[EventType "swiss"]
[EventRounds "9"]
[EventCountry "MEX"]
[Source "lmi"]
[SourceDate "2008.03.18"]

1. e4 e5 2. Nf3 Nc6 3. Bb5 a6 4. Ba4 Nf6 5. O-O Nxe4 6. d4 b5 7. Bb3 d5 8. dxe5
Be6 9. Nbd2 Nc5 10. c3 d4 11. Bxe6 Nxe6 12. cxd4 Ncxd4 13. a4 Bb4 14. axb5 Nxb5
15. Qa4 Bxd2 16. Bxd2 O-O 17. Be3 c5 18. Rfd1 Qe7 19. Qc4 Rfd8 20. h3 h6 21.
Rxd8+ Rxd8 22. Rxa6 Nbd4 23. Bxd4 Nxd4 24. Nxd4 cxd4 25. Rd6 Rxd6 26. exd6 Qxd6
27. Qc8+ Kh7 28. Qf5+ 1/2-1/2

[Event "Abierto Mexicano de Ajedrez 2008"]
[Site "Aguascalientes"]
[Date "2008.03.18"]
[Round "4"]
[White "Hernandez Guerrero, Gilberto"]
[Black "Cordova, Emilio"]
[Result "1/2-1/2"]
[WhiteElo "2548"]
[BlackElo "2493"]
[PlyCount "95"]
[EventDate "2008.03.18"]
[EventType "swiss"]
[EventRounds "9"]
[EventCountry "MEX"]
[Source "lmi"]
[SourceDate "2008.03.18"]

1. e4 c5 2. Nf3 Nc6 3. Bb5 g6 4. Bxc6 dxc6 5. d3 Bg7 6. h3 Nf6 7. Nc3 Nd7 8.
Be3 e5 9. Qd2 h6 10. Ng1 b6 11. Nge2 Ba6 12. a3 Qe7 13. O-O Rd8 14. b4 c4 15.
d4 Nf6 16. Rad1 exd4 17. Bxd4 O-O 18. Qe3 Rfe8 19. Ng3 Bb7 20. Rfe1 Bf8 21. f4
Nh7 22. Qf2 a5 23. Bxb6 Rxd1 24. Rxd1 axb4 25. axb4 Qxb4 26. Qe3 c5 27. Bc7 Ba8
28. Bd6 Rd8 29. Bxf8 Rxd1+ 30. Nxd1 Nxf8 31. Nc3 Qb8 32. e5 Qd8 33. Qxc5 Ne6
34. Qxc4 Qd4+ 35. Qxd4 Nxd4 36. Nge2 Nxc2 37. Kf2 Kf8 38. Nb5 Ke7 39. Ned4 Nb4
40. g4 g5 41. Nf5+ Kf8 42. Nc7 Be4 43. Ke3 Bg2 44. Nxh6 gxf4+ 45. Kxf4 Bxh3 46.
g5 Ke7 47. Nb5 Nd3+ 48. Ke4 1/2-1/2

[Event "Abierto Mexicano de Ajedrez 2008"]
[Site "Aguascalientes"]
[Date "2008.03.18"]
[Round "4"]
[White "Bastidas Tirado, Alfredo"]
[Black "Almeida Saenz, Alfonso"]
[Result "0-1"]
[WhiteElo "2165"]
[BlackElo "2426"]
[PlyCount "122"]
[EventDate "2008.03.18"]
[EventType "swiss"]
[EventRounds "9"]
[EventCountry "MEX"]
[Source "lmi"]
[SourceDate "2008.03.18"]

1. f4 d5 2. Nf3 c5 3. e3 a6 4. b3 Nc6 5. Bb2 Bf5 6. Be2 e6 7. O-O h6 8. d3 Nf6
9. Ne5 Qc7 10. Nd2 Bd6 11. Nxc6 Qxc6 12. Bf3 Bh7 13. Nc4 Be7 14. Ne5 Qc7 15.
Qe2 Rd8 16. g3 O-O 17. Bg2 b5 18. a4 b4 19. Rad1 Rc8 20. e4 dxe4 21. dxe4 Rfd8
22. Nc4 Bg6 23. Be5 Qa7 24. g4 Nd7 25. Bd6 Nb8 26. f5 Bh7 27. e5 Nc6 28. Bxc6
Rxc6 29. fxe6 fxe6 30. Qf3 Rcc8 31. Qf7+ Kh8 32. Qxe7 Qxe7 33. Bxe7 Rxd1 34.
Rxd1 Bxc2 35. Rc1 Bxb3 36. Nb6 Rc6 37. Bxc5 a5 38. Kf2 Rc7 39. Ke2 Kh7 40. Kd2
Kg6 41. Be3 Rf7 42. Rc5 Rf1 43. Rxa5 Rd1+ 44. Ke2 Rh1 45. Bf4 Bd1+ 46. Kd2 Bxg4
47. Rb5 Rd1+ 48. Kc2 Rd4 49. Bg3 Bd1+ 50. Kb2 h5 51. a5 h4 52. Be1 Re4 53. Bd2
Bf3 54. Rxb4 Re2 55. Kc3 Rxh2 56. Bf4 Ra2 57. Na4 Bc6 58. Kb3 Bd5+ 59. Kc3 h3
60. Nb2 Rxa5 61. Bg3 Ra3+ 0-1

[Event "Abierto Mexicano de Ajedrez 2008"]
[Site "Aguascalientes"]
[Date "2008.03.18"]
[Round "4"]
[White "Perez Avendano, Paul Omar"]
[Black "Escobedo Tinajero, Alberto"]
[Result "1-0"]
[WhiteElo "2139"]
[BlackElo "2374"]
[PlyCount "104"]
[EventDate "2008.03.18"]
[EventType "swiss"]
[EventRounds "9"]
[EventCountry "MEX"]
[Source "lmi"]
[SourceDate "2008.03.18"]

1. d4 d5 2. Nf3 Nf6 3. Bf4 Nbd7 4. e3 g6 5. Bd3 Bg7 6. O-O Nh5 7. Bg5 h6 8. Bh4
g5 9. Bg3 Nxg3 10. hxg3 e5 11. Bf5 e4 12. Nh2 h5 13. c4 c6 14. cxd5 cxd5 15.
Nc3 Nb6 16. Bxc8 Rxc8 17. Rc1 a6 18. g4 hxg4 19. Qxg4 Qd6 20. Qg3 Rh6 21. Qxd6
Rxd6 22. b3 Rdc6 23. Ne2 Rc2 24. Rxc2 Rxc2 25. Ng3 Bf8 26. Ng4 Ba3 27. f3 exf3
28. Rxf3 Rxa2 29. Nf6+ Kd8 30. Nh7 Bd6 31. Nxg5 Bxg3 32. Rxg3 Ke7 33. Rh3 Nc8
34. e4 dxe4 35. Nxe4 Nd6 36. Nxd6 Kxd6 37. Rh6+ Kc7 38. Rf6 Rd2 39. Rxf7+ Kb6
40. Rf3 Ka5 41. Kh2 Kb4 42. Kh3 Rxd4 43. g4 b5 44. Kh4 a5 45. Kh5 a4 46. bxa4
bxa4 47. g5 a3 48. Rxa3 Kxa3 49. g6 Rd1 50. g7 Rg1 51. Kh6 Kb4 52. Kh7 Rxg7+
1-0

[Event "Abierto Mexicano de Ajedrez 2008"]
[Site "Aguascalientes"]
[Date "2008.03.18"]
[Round "4"]
[White "Diaz Salas, Luis"]
[Black "Villarreal Felix, Jose Felix"]
[Result "0-1"]
[WhiteElo "2132"]
[BlackElo "2340"]
[PlyCount "74"]
[EventDate "2008.03.18"]
[EventType "swiss"]
[EventRounds "9"]
[EventCountry "MEX"]
[Source "lmi"]
[SourceDate "2008.03.18"]

1. e4 e6 2. d4 d5 3. Nd2 Nf6 4. e5 Nfd7 5. Bd3 c5 6. c3 Nc6 7. Ne2 cxd4 8. cxd4
f6 9. exf6 Nxf6 10. O-O Bd6 11. Nf3 O-O 12. Ng3 Bd7 13. a3 Qb6 14. b4 e5 15.
dxe5 Nxe5 16. Nxe5 Bxe5 17. Ra2 Rac8 18. Nf5 Qe6 19. Bb1 Rfe8 20. Be3 Ne4 21.
Nd4 Qf7 22. Bxe4 dxe4 23. Rd2 Rc7 24. Qe2 a6 25. Rfd1 Ba4 26. Re1 Rc3 27. Ra1
Qc7 28. Re1 Bxh2+ 29. Kh1 Be5 30. Qg4 Rd3 31. Qxe4 Rxa3 32. Qd5+ Qf7 33. Qxf7+
Kxf7 34. Nf5 Re6 35. Rc1 Rc6 36. Rb1 Bc2 37. Rd7+ Ke6 0-1

[Event "Abierto Mexicano de Ajedrez 2008"]
[Site "Aguascalientes"]
[Date "2008.03.20"]
[Round "4"]
[White "Rivera Huerta, Alberto"]
[Black "Gonzalez Zamora, Juan Carlos"]
[Result "0-1"]
[WhiteElo "2203"]
[BlackElo "2556"]
[PlyCount "122"]
[EventDate "2008.03.18"]
[EventType "swiss"]
[EventRounds "9"]
[EventCountry "MEX"]
[Source "lmi"]
[SourceDate "2008.03.18"]

1. d4 Nf6 2. c4 e6 3. Nc3 Bb4 4. e3 O-O 5. Bd3 d5 6. Nge2 dxc4 7. Bxc4 e5 8.
Qb3 exd4 9. Qxb4 Nc6 10. Qc5 dxc3 11. Nxc3 Nd7 12. Qd5 Nb4 13. Qd1 Ne5 14. Be2
Qg5 15. O-O Bh3 16. Bf3 Rad8 17. Qe2 Be6 18. b3 Nxf3+ 19. Qxf3 Qe5 20. Bb2 Nd3
21. Qe2 Nxb2 22. Qxb2 Rd3 23. Na4 Qxb2 24. Nxb2 Rd2 25. Na4 b6 26. Nc3 Rfd8 27.
Rfd1 Kf8 28. Kf1 Ke7 29. Ke1 Rc2 30. Rxd8 Kxd8 31. Nb5 Bd7 32. Na3 Rc5 33. Rd1
Kc8 34. Nc4 Be6 35. Nd2 a5 36. Ne4 Rh5 37. h3 a4 38. Nd2 Rc5 39. bxa4 Bxa2 40.
Ra1 Bd5 41. e4 Bc6 42. f3 Ra5 43. Nc4 Rxa4 44. Rc1 Kb7 45. Ne5 Bxe4 46. Nxf7
Bd5 47. Ne5 Ra2 48. Kf1 Rd2 49. Ng4 c5 50. Ne3 Bb3 51. Ke1 Rb2 52. Rc3 Kc6 53.
Nf5 Kb5 54. Nxg7 Kb4 55. Re3 Rxg2 56. Nf5 c4 57. Nd4 Ba4 58. Ne2 Bc2 59. f4 Bd3
60. Nd4 Kc3 61. Nb5+ Kb2 0-1

[Event "Abierto Mexicano de Ajedrez 2008"]
[Site "Aguascalientes"]
[Date "2008.03.20"]
[Round "4"]
[White "Zapata, Alonso"]
[Black "Morales Garcia, Sergio Joshafatt"]
[Result "1-0"]
[WhiteElo "2475"]
[BlackElo "2283"]
[PlyCount "54"]
[EventDate "2008.03.18"]
[EventType "swiss"]
[EventRounds "9"]
[EventCountry "MEX"]
[Source "lmi"]
[SourceDate "2008.03.18"]

1. e4 c5 2. Nf3 d6 3. d4 cxd4 4. Nxd4 Nf6 5. Nc3 a6 6. Bc4 e6 7. O-O b5 8. Bb3
Be7 9. Qf3 Qc7 10. Qg3 Nc6 11. Nxc6 Qxc6 12. Re1 Bb7 13. f3 O-O 14. Be3 b4 15.
Na4 a5 16. c3 Ba6 17. Rac1 bxc3 18. Rxc3 Qb7 19. Nb6 Rad8 20. Rec1 Ne8 21. Ba4
Bf6 22. Rb3 Qe7 23. Qe1 Bb7 24. Qxa5 d5 25. Bc5 Nd6 26. exd5 exd5 27. Nd7 d4
1-0

[Event "Abierto Mexicano de Ajedrez 2008"]
[Site "Aguascalientes"]
[Date "2008.03.20"]
[Round "4"]
[White "De La Paz Perdomo, Frank"]
[Black "Blanco Fernandez, Alvaro"]
[Result "1/2-1/2"]
[WhiteElo "2441"]
[BlackElo "2335"]
[PlyCount "77"]
[EventDate "2008.03.18"]
[EventType "swiss"]
[EventRounds "9"]
[EventCountry "MEX"]
[Source "lmi"]
[SourceDate "2008.03.18"]

1. e4 c5 2. Nf3 e6 3. d4 cxd4 4. Nxd4 Nf6 5. Nc3 Nc6 6. Ndb5 Bb4 7. a3 Bxc3+ 8.
Nxc3 d5 9. exd5 exd5 10. Bd3 O-O 11. O-O d4 12. Ne2 Bg4 13. f3 Bh5 14. b4 Qb6
15. Bb2 a6 16. Kh1 Rad8 17. Qe1 Rfe8 18. Qf2 Nd5 19. Nxd4 Nf4 20. Nb3 Qxf2 21.
Rxf2 Nxd3 22. cxd3 b6 23. d4 Re3 24. Nd2 Nxd4 25. Nc4 Re6 26. Rd2 b5 27. Na5
Nc6 28. Rxd8+ Nxd8 29. Rd1 Re8 30. Kg1 Ne6 31. Rd6 Rd8 32. Rxd8+ Nxd8 33. Kf2
f6 34. Ke3 Be8 35. Nb3 Ne6 36. g4 h5 37. h3 hxg4 38. hxg4 Kf7 39. Bd4 1/2-1/2

[Event "Abierto Mexicano de Ajedrez 2008"]
[Site "Aguascalientes"]
[Date "2008.03.20"]
[Round "4"]
[White "Dominguez Aguilar, Guillermo"]
[Black "Gongora Montes, Benjamin"]
[Result "1/2-1/2"]
[WhiteElo "2400"]
[BlackElo "2270"]
[PlyCount "87"]
[EventDate "2008.03.18"]
[EventType "swiss"]
[EventRounds "9"]
[EventCountry "MEX"]
[Source "lmi"]
[SourceDate "2008.03.18"]

1. e4 e6 2. d4 d5 3. Nc3 dxe4 4. Nxe4 Nd7 5. Nf3 Ngf6 6. Bg5 h6 7. Bxf6 gxf6 8.
g3 f5 9. Ned2 c5 10. Bg2 cxd4 11. Nxd4 Qb6 12. N4b3 Bg7 13. O-O Ne5 14. Qh5 Bd7
15. a4 a5 16. Rfe1 Rc8 17. c3 Nd3 18. Qxf5 Nxe1 19. Rxe1 O-O 20. Qxa5 Qxa5 21.
Nxa5 Bxa4 22. Nxb7 Bc6 23. Nd6 Rcd8 24. N6c4 Bxg2 25. Kxg2 Rd3 26. Kf1 Rfd8 27.
Ke2 h5 28. Ra1 h4 29. Ra7 h3 30. Ne4 R3d5 31. f4 Rd1 32. Nf2 Rg1 33. Nxh3 Rg2+
34. Kf3 Rxh2 35. Ng5 Rd3+ 36. Ne3 Rxb2 37. Rxf7 Rxc3 38. Re7 Bd4 39. Rxe6 Bb6
40. Rxb6 Rxb6 41. Ne4 Ra3 42. Nd2 Rc6 43. Ne4 Rb6 44. Ke2 1/2-1/2

[Event "Abierto Mexicano de Ajedrez 2008"]
[Site "Aguascalientes"]
[Date "2008.03.20"]
[Round "4"]
[White "Espinosa Flores, Rafael"]
[Black "Lopez Valdez, Cesar"]
[Result "1-0"]
[WhiteElo "2386"]
[BlackElo "2068"]
[PlyCount "89"]
[EventDate "2008.03.18"]
[EventType "swiss"]
[EventRounds "9"]
[EventCountry "MEX"]
[Source "lmi"]
[SourceDate "2008.03.18"]

1. e4 e5 2. Nf3 Nc6 3. Bb5 a6 4. Ba4 Nf6 5. O-O b5 6. Bb3 Be7 7. d4 d6 8. c3
exd4 9. cxd4 Bg4 10. Be3 O-O 11. Nbd2 Na5 12. Bc2 c5 13. Qb1 h6 14. h3 Bxf3 15.
Nxf3 Nc4 16. Bc1 Qc7 17. b3 Rab8 18. a3 Nb6 19. dxc5 dxc5 20. Bb2 Nfd7 21. Qe1
Rfe8 22. e5 Nf8 23. Qe4 Qc8 24. Rfe1 Qe6 25. Rad1 Red8 26. Nh2 Rxd1 27. Rxd1
Rd8 28. Rxd8 Bxd8 29. Ng4 Qd5 30. Qe2 Bg5 31. Ne3 Bxe3 32. Qxe3 a5 33. Be4 Qd1+
34. Kh2 Nbd7 35. Bd3 b4 36. axb4 axb4 37. Bc4 Ne6 38. f4 Nb6 39. Bxe6 fxe6 40.
Qxc5 Qxb3 41. Qxb6 Qxb2 42. Qxe6+ Kh8 43. Qf7 b3 44. e6 Qe2 45. e7 1-0

[Event "Abierto Mexicano de Ajedrez 2008"]
[Site "Aguascalientes"]
[Date "2008.03.20"]
[Round "4"]
[White "Capo Vidal, Uriel"]
[Black "Estrada Nieto, Julian"]
[Result "1/2-1/2"]
[WhiteElo "2338"]
[BlackElo "2356"]
[PlyCount "46"]
[EventDate "2008.03.18"]
[EventType "swiss"]
[EventRounds "9"]
[EventCountry "MEX"]
[Source "lmi"]
[SourceDate "2008.03.18"]

1. d4 d5 2. Nf3 Nf6 3. Bf4 c5 4. e3 Nc6 5. Nc3 Bg4 6. Bb5 e6 7. h3 Bxf3 8. Qxf3
Bd6 9. Bg5 cxd4 10. exd4 O-O 11. Bxc6 bxc6 12. O-O Rb8 13. Rab1 c5 14. dxc5
Bxc5 15. Ne2 Be7 16. Rfd1 Qa5 17. a3 Rfe8 18. Ng3 Qa4 19. c3 Qc2 20. Rdc1 Qa4
21. Rd1 Qc2 22. Rdc1 Qa4 23. Rd1 Qc2 1/2-1/2

[Event "Abierto Mexicano de Ajedrez 2008"]
[Site "Aguascalientes"]
[Date "2008.03.20"]
[Round "4"]
[White "Alvarez Ramirez, Miguel Angel"]
[Black "Huerta, Dayron"]
[Result "1/2-1/2"]
[WhiteElo "2194"]
[BlackElo "2353"]
[PlyCount "77"]
[EventDate "2008.03.18"]
[EventType "swiss"]
[EventRounds "9"]
[EventCountry "MEX"]
[Source "lmi"]
[SourceDate "2008.03.18"]

1. d4 Nc6 2. c4 e5 3. d5 Nce7 4. e4 Ng6 5. Be3 Bb4+ 6. Nd2 Nf6 7. f3 Qe7 8. g3
O-O 9. Ne2 Ne8 10. Bh3 Bc5 11. Bxc5 Qxc5 12. Rc1 a5 13. Nb3 Qa7 14. Rc3 d6 15.
Bxc8 Rxc8 16. Qd3 Nf6 17. Qe3 b6 18. h4 Nd7 19. h5 Ne7 20. g4 f6 21. Ng3 Rf7
22. Nf5 a4 23. Nc1 Qa5 24. Nd3 Nc5 25. Ke2 Nxf5 26. gxf5 Nxd3 27. Qxd3 Qb4 28.
Rc2 Rb8 29. Qd2 Qxd2+ 30. Kxd2 Rff8 31. Rc3 Kf7 32. Ra1 Ra8 33. Ra3 Ke7 34. b4
axb3 35. axb3 Rxa3 36. Rxa3 Rg8 37. Ra7 Kd7 38. Ra1 Ke7 39. Ra7 1/2-1/2

[Event "Abierto Mexicano de Ajedrez 2008"]
[Site "Aguascalientes"]
[Date "2008.03.18"]
[Round "3"]
[White "Nogueiras Santiago, Jesus"]
[Black "Garmendez Gonzalez, Florentino"]
[Result "1-0"]
[WhiteElo "2549"]
[BlackElo "2300"]
[PlyCount "85"]
[EventDate "2008.03.18"]
[EventType "swiss"]
[EventRounds "9"]
[EventCountry "MEX"]
[Source "lmi"]
[SourceDate "2008.03.18"]

1. c4 Nf6 2. Nc3 c5 3. g3 g6 4. Bg2 Bg7 5. Nf3 Nc6 6. d4 cxd4 7. Nxd4 Nxd4 8.
Qxd4 d6 9. O-O O-O 10. Bg5 h6 11. Bxf6 Bxf6 12. Qd2 Bg7 13. Rfd1 Qc7 14. Nd5
Qd8 15. Rac1 Bd7 16. Qb4 Bc6 17. Qa3 Bxd5 18. Rxd5 Qc7 19. Rb5 Rfb8 20. Qe3 a6
21. Rb6 h5 22. b4 Bh6 23. Qxh6 Qxb6 24. Bd5 Qd4 25. Qxg6+ Qg7 26. Qxh5 e6 27.
Bf3 Rd8 28. Qh4 Rd7 29. Rd1 f5 30. e4 fxe4 31. Qxe4 Qf6 32. Bg4 Re8 33. Rd3 Kg7
34. Bh5 Rg8 35. Bg4 Re8 36. Qe2 Rf8 37. Bxe6 Re7 38. Rxd6 Rfe8 39. Qg4+ Kh8 40.
Qh5+ Kg7 41. Rd5 Rh8 42. Qg4+ Kf8 43. Rf5 1-0

[Event "Abierto Mexicano de Ajedrez 2008"]
[Site "Aguascalientes"]
[Date "2008.03.18"]
[Round "3"]
[White "Knight, Simon"]
[Black "Espinosa Flores, Rafael"]
[Result "0-1"]
[WhiteElo "2130"]
[BlackElo "2386"]
[PlyCount "79"]
[EventDate "2008.03.18"]
[EventType "swiss"]
[EventRounds "9"]
[EventCountry "MEX"]
[Source "lmi"]
[SourceDate "2008.03.18"]

1. d4 Nf6 2. Nf3 c5 3. e3 g6 4. Bd3 Bg7 5. Nbd2 O-O 6. c3 d6 7. O-O Nc6 8. a4
b6 9. Re1 Bb7 10. Bf1 Qc7 11. Qc2 Rac8 12. dxc5 bxc5 13. e4 e6 14. Nb3 Nd7 15.
Be3 Nce5 16. Nxe5 Nxe5 17. Rad1 Rb8 18. f3 Bc6 19. Nd2 Rfd8 20. b3 Qe7 21. Bf2
Qf6 22. Rc1 Bh6 23. Rb1 Bf4 24. b4 Qg5 25. h4 Qf6 26. b5 Ba8 27. Nb3 g5 28. g3
Nxf3+ 29. Kg2 Nxe1+ 30. Rxe1 Be5 31. hxg5 Qxg5 32. Nd2 Qg7 33. Nf3 Bxc3 34. Rc1
Bf6 35. Bd3 Rbc8 36. Rh1 c4 37. Be2 Qg6 38. Bxa7 Qxe4 39. Qxe4 Bxe4 40. Rh4 0-1

[Event "Abierto Mexicano de Ajedrez 2008"]
[Site "Aguascalientes"]
[Date "2008.03.18"]
[Round "3"]
[White "Gutierrez, Yañez Carlos"]
[Black "Dominguez Aguilar, Guillermo"]
[Result "0-1"]
[WhiteElo "2070"]
[BlackElo "2400"]
[PlyCount "89"]
[EventDate "2008.03.18"]
[EventType "swiss"]
[EventRounds "9"]
[EventCountry "MEX"]
[Source "lmi"]
[SourceDate "2008.03.18"]

1. Nf3 Nf6 2. c4 g6 3. Nc3 Bg7 4. d4 O-O 5. h3 d6 6. Bf4 Nbd7 7. e3 c6 8. Be2
Qa5 9. O-O e5 10. Bh2 Ne8 11. Rb1 exd4 12. exd4 Qd8 13. Re1 f5 14. Qd2 Ndf6 15.
Rbd1 Ne4 16. Qc1 Nxc3 17. bxc3 Bf6 18. Bf4 Qa5 19. Rd2 Be6 20. Bd3 Bf7 21. Qb2
b6 22. Ng5 Rd8 23. Rde2 Ng7 24. Nxf7 Rxf7 25. Qd2 Qa3 26. Qc2 c5 27. Bc1 Qa5
28. Qb2 Qa6 29. Be3 g5 30. f4 h6 31. Bc1 Qc8 32. Bc2 Kh8 33. Bb3 Rff8 34. Qd2
g4 35. Qd3 h5 36. Bc2 Qd7 37. Qd1 Bh4 38. Ba4 Qf7 39. Qd3 Bxe1 40. Rxe1 Qf6 41.
Bc6 Rf7 42. hxg4 hxg4 43. Kf2 Nh5 44. Rh1 Rh7 45. Ke2 0-1

[Event "Abierto Mexicano de Ajedrez 2008"]
[Site "Aguascalientes"]
[Date "2008.03.18"]
[Round "3"]
[White "Estrada Nieto, Julian"]
[Black "Contreras Medina, Ruben Dario"]
[Result "1-0"]
[WhiteElo "2356"]
[BlackElo "2168"]
[PlyCount "73"]
[EventDate "2008.03.18"]
[EventType "swiss"]
[EventRounds "9"]
[EventCountry "MEX"]
[Source "lmi"]
[SourceDate "2008.03.18"]

1. e4 c5 2. Nf3 Nc6 3. Bb5 g6 4. O-O Bg7 5. c3 e5 6. d3 Nge7 7. Be3 d6 8. d4
cxd4 9. cxd4 O-O 10. d5 Nb8 11. Nfd2 Bd7 12. Nc3 Na6 13. Rc1 Nc7 14. Bxd7 Qxd7
15. Qa4 b5 16. Qa5 Rfb8 17. a3 Nc8 18. Na2 Nb6 19. Nb4 Rb7 20. Rc2 f5 21. f3
Bf6 22. Rfc1 Bd8 23. Nc6 Ncxd5 24. exd5 Nxd5 25. Nxd8 Qxd8 26. Qxd8+ Rxd8 27.
Bg5 Rdd7 28. Nb3 Kf7 29. Rd1 Ke6 30. Rc6 Ne7 31. Nc5+ Kf7 32. Nxd7 Nxc6 33.
Rxd6 Rc7 34. Rxc6 Rxd7 35. Rc5 Ke6 36. Rxb5 Rd1+ 37. Kf2 1-0

[Event "Abierto Mexicano de Ajedrez 2008"]
[Site "Aguascalientes"]
[Date "2008.03.18"]
[Round "3"]
[White "Huerta, Dayron"]
[Black "Gonzalez Chavez, Emmanuel"]
[Result "1-0"]
[WhiteElo "2353"]
[BlackElo "2093"]
[PlyCount "57"]
[EventDate "2008.03.18"]
[EventType "swiss"]
[EventRounds "9"]
[EventCountry "MEX"]
[Source "lmi"]
[SourceDate "2008.03.18"]

1. e4 c5 2. Nc3 d6 3. Nge2 Nf6 4. g3 g6 5. Bg2 Nc6 6. O-O Bg7 7. h3 O-O 8. g4
e6 9. f4 d5 10. e5 Ne8 11. g5 h5 12. d3 Rb8 13. a4 a6 14. h4 b5 15. axb5 axb5
16. Be3 Qe7 17. Bf2 Nc7 18. Bf3 Bb7 19. Ng3 Ra8 20. Rb1 b4 21. Nce2 Rfc8 22.
Kh2 Nb5 23. Rg1 Kf8 24. Bxh5 Bxe5 25. fxe5 Nxe5 26. Nf4 gxh5 27. Qxh5 Ke8 28.
Rbe1 Qd6 29. Qh8+ 1-0

[Event "Abierto Mexicano de Ajedrez 2008"]
[Site "Aguascalientes"]
[Date "2008.03.20"]
[Round "3"]
[White "Quezada Perez, Yuniesky"]
[Black "Gonzalez Mata, Jesus"]
[Result "1-0"]
[WhiteElo "2546"]
[BlackElo "2282"]
[PlyCount "62"]
[EventDate "2008.03.18"]
[EventType "swiss"]
[EventRounds "9"]
[EventCountry "MEX"]
[Source "lmi"]
[SourceDate "2008.03.18"]

1. e4 e5 2. Nf3 d6 3. d4 Nf6 4. Nc3 Nbd7 5. Bc4 Be7 6. O-O h6 7. Re1 c6 8. a4
g5 9. Be3 Qc7 10. Nd2 Nf8 11. Nf1 Ng6 12. Ng3 Nh4 13. Nh5 g4 14. Ng3 Kf8 15.
Qd2 Kg7 16. Rad1 a6 17. b4 b6 18. Bb3 Kg6 19. Qe2 b5 20. axb5 cxb5 21. Nd5 Nxd5
22. Bxd5 Rb8 23. Rc1 Qc3 24. dxe5 dxe5 25. Ba7 Bd7 26. Bxb8 Rxb8 27. Red1 Bc8
28. Rb1 h5 29. Rb3 Qc7 30. Qe3 Rb6 31. Rc3 Kg7 1-0

[Event "Abierto Mexicano de Ajedrez 2008"]
[Site "Aguascalientes"]
[Date "2008.03.20"]
[Round "3"]
[White "Villarreal Felix, Jose Felix"]
[Black "Mitkov, Nikola"]
[Result "0-1"]
[WhiteElo "2340"]
[BlackElo "2538"]
[PlyCount "122"]
[EventDate "2008.03.18"]
[EventType "swiss"]
[EventRounds "9"]
[EventCountry "MEX"]
[Source "lmi"]
[SourceDate "2008.03.18"]

1. e4 e5 2. Nf3 Nc6 3. d4 exd4 4. c3 d5 5. exd5 Qxd5 6. cxd4 Bb4+ 7. Nc3 Bg4 8.
Be2 Bxf3 9. Bxf3 Qc4 10. Bxc6+ bxc6 11. Qe2+ Qxe2+ 12. Kxe2 Ne7 13. Rd1 O-O-O
14. Be3 Rhe8 15. Rd3 Ba5 16. Rad1 Bb6 17. d5 Ng6 18. R3d2 Rd6 19. dxc6 Bxe3 20.
fxe3 Rxc6 21. Nd5 Ne5 22. Rd4 Rg6 23. g3 Rh6 24. h4 Rg6 25. Rc1 c6 26. Kf2 Rge6
27. Rc3 f5 28. Nb4 R8e7 29. Nc2 g6 30. Rb4 Rd6 31. Ke2 Rc7 32. Rcb3 Nd7 33. Rd4
Re6 34. Rbd3 Re8 35. Rc3 Nf6 36. Kf3 Ne4 37. Ra3 c5 38. Rd5 Rb7 39. b3 Ree7 40.
Ne1 c4 41. Rd4 c3 42. Nc2 Re6 43. Ra5 Rc7 44. Rad5 Re8 45. Kf4 Nf6 46. Rd6 Ne4
47. R6d5 Nc5 48. Kf3 Re6 49. g4 fxg4+ 50. Rxg4 Rf7+ 51. Rf4 Rxf4+ 52. Kxf4 Rf6+
53. Kg5 Ne4+ 54. Kh6 g5+ 55. Kg7 gxh4 56. Re5 Rg6+ 57. Kxh7 Rg4 58. Kh6 h3 59.
Rh5 Nf2 60. Nd4 Rxd4 61. exd4 h2 0-1

[Event "Abierto Mexicano de Ajedrez 2008"]
[Site "Aguascalientes"]
[Date "2008.03.20"]
[Round "3"]
[White "Cordova, Emilio"]
[Black "Davalos Prieto, Abel Justo"]
[Result "1-0"]
[WhiteElo "2493"]
[BlackElo "2269"]
[PlyCount "65"]
[EventDate "2008.03.18"]
[EventType "swiss"]
[EventRounds "9"]
[EventCountry "MEX"]
[Source "lmi"]
[SourceDate "2008.03.18"]

1. d4 d5 2. Nf3 Nc6 3. c4 e5 4. Nxe5 Nxe5 5. dxe5 d4 6. Nd2 Ne7 7. Nf3 Nc6 8.
g3 Be6 9. b3 Bb4+ 10. Bd2 Be7 11. Bg2 Qd7 12. O-O O-O 13. Qc2 Bf5 14. Qb2 f6
15. exf6 Bxf6 16. Bg5 Bh3 17. Rad1 Rad8 18. Qb1 Bxg2 19. Kxg2 Qe7 20. Bc1 g6
21. h4 Bg7 22. Rde1 Rde8 23. h5 Rxf3 24. Kxf3 d3 25. exd3 Nd4+ 26. Kg2 Qxe1 27.
Rxe1 Rxe1 28. hxg6 hxg6 29. Qb2 Ne2 30. Qd2 Bc3 31. Qc2 Rg1+ 32. Kh3 Rh1+ 33.
Kg4 1-0

[Event "Abierto Mexicano de Ajedrez 2008"]
[Site "Aguascalientes"]
[Date "2008.03.20"]
[Round "3"]
[White "Blanco Fernandez, Alvaro"]
[Black "Zapata, Alonso"]
[Result "1/2-1/2"]
[WhiteElo "2335"]
[BlackElo "2475"]
[PlyCount "169"]
[EventDate "2008.03.18"]
[EventType "swiss"]
[EventRounds "9"]
[EventCountry "MEX"]
[Source "lmi"]
[SourceDate "2008.03.18"]

1. d4 Nf6 2. c4 g6 3. Nc3 Bg7 4. e4 d6 5. Be2 Nbd7 6. Nf3 e5 7. O-O O-O 8. Be3
Ng4 9. Bg5 f6 10. Bc1 Nh6 11. dxe5 dxe5 12. Bd2 Nf7 13. b4 Re8 14. c5 Nf8 15.
Bc4 Be6 16. Qb3 c6 17. Rad1 Bxc4 18. Qxc4 Qe7 19. Bc1 Rad8 20. a4 Qe6 21. Qxe6
Nxe6 22. Rxd8 Rxd8 23. Rd1 Rxd1+ 24. Nxd1 a5 25. bxa5 Nxc5 26. Nc3 Nd6 27. Nd2
Bh6 28. Ba3 Bxd2 29. Bxc5 Bxc3 30. Bxd6 Bxa5 31. Kf1 Kf7 32. Ke2 Bb6 33. f3 Ke6
34. Ba3 Bg1 35. h3 b5 36. axb5 cxb5 37. Kd3 f5 38. Bb4 Bb6 39. Ba3 Ba5 40. Bc5
Kd7 41. Bf8 Kc6 42. Be7 Bc7 43. Kc3 Bd6 44. Bh4 Bc5 45. Bf6 Kd6 46. Bh4 Be3 47.
Bf6 Bf4 48. Bh4 Bh6 49. Bf6 Bf4 50. Bh4 h5 51. Kb4 Kc6 52. Kc3 fxe4 53. fxe4 g5
54. Bf2 g4 55. Bh4 Kc7 56. Bf2 Kd6 57. Kb4 Kc6 58. Kc3 gxh3 59. gxh3 Bg5 60.
Bg3 Kd6 61. Kb4 Bf4 62. Bh4 Kc6 63. Kc3 Be3 64. Bf6 Bd4+ 65. Kb3 Kb6 66. Bd8+
Kb7 67. Bf6 Ka6 68. Bh4 Bc5 69. Bg3 Bd6 70. Bf2 Kb7 71. Kc3 Kc6 72. Kb3 Bc5 73.
Bh4 Kd6 74. Kc3 Ke6 75. Kb3 Be7 76. Bxe7 Kxe7 77. Kb4 h4 78. Kxb5 Kf6 79. Kc5
Kg5 80. Kd6 Kf4 81. Kd5 Kg3 82. Kxe5 Kxh3 83. Kf6 Kg4 84. e5 h3 85. e6 1/2-1/2

[Event "Abierto Mexicano de Ajedrez 2008"]
[Site "Aguascalientes"]
[Date "2008.03.20"]
[Round "3"]
[White "Borges Mateos, Juan"]
[Black "Piña Perez, Omar"]
[Result "1-0"]
[WhiteElo "2448"]
[BlackElo "1949"]
[PlyCount "85"]
[EventDate "2008.03.18"]
[EventType "swiss"]
[EventRounds "9"]
[EventCountry "MEX"]
[Source "lmi"]
[SourceDate "2008.03.18"]

1. Nf3 g6 2. c4 Bg7 3. d4 Nf6 4. Nc3 O-O 5. Bf4 d6 6. h3 c6 7. e3 Nbd7 8. Be2
Re8 9. O-O Qa5 10. Qc2 e5 11. Bh2 exd4 12. Nxd4 Nc5 13. Bf3 Ne6 14. Rfd1 Ng5
15. Bxd6 Nxf3+ 16. Nxf3 Bf5 17. Qb3 Ne4 18. Bb4 Qb6 19. Nxe4 Bxe4 20. Bc3 Qxb3
21. axb3 Bxc3 22. bxc3 Bxf3 23. gxf3 Re7 24. c5 a6 25. b4 Rc8 26. Rd6 Kg7 27.
Kg2 f6 28. f4 Rce8 29. Kf3 Kf7 30. Rad1 Kg7 31. Rd7 Kf7 32. e4 Ke6 33. R1d6+
Kf7 34. Ke3 h6 35. h4 f5 36. e5 Rg8 37. Kd4 h5 38. e6+ Kf6 39. Rxe7 Kxe7 40.
Ke5 Rb8 41. Rd7+ Ke8 42. Kf6 Kf8 43. Rf7+ 1-0